| 000 | 00499nam a2200145 a 4500 | ||
|---|---|---|---|
| 008 | 120416s1938 ||||||||||||||||| || u | ||
| 050 | _aPR 6045.O72.T6 | ||
| 100 | _aWoolf, Virginia Stephen, 1882-1941 | ||
| 245 | 1 | 0 | _aTo the lighthouse |
| 246 | _aVirginia Stephen Woolf, 1882-1941 | ||
| 260 |
_aLondon _bDent _c1938 |
||
| 300 | _axii, 242p. | ||
| 350 | _a0.00 | ||
| 995 |
_D0.00 _FCBU-MAIN LIBRARY (Kitwe) _H1 _I0.00 _M1 _UAVAILABLE _ZFiction Collection |
||
| 999 |
_c59948 _d59948 |
||